zpět

Detail výsledku týmu

Olomouc speciál, Olomouc

Datum a čas kvízu

31 Celkem bodů Celkový počet nahraných bodů na tomto kvízu bez doplňovacích otázek.
12. Pořadí na kvízu Konečné umístění týmu na tomto kvízu.

Zaznamenané odpovědi

# Otázka Odpověď Body Výsledky
1. Aktuální dění se zvířecí temat... bizona 0
2. Zhruba před dvěma týdny bez sv... makak chocholatý 0
3. Nikoli ZOO, ale svět vezdejší... německý ovčák 0
4. V pondělí 14. června došlo na... medvěd zabil člověka 0
5. Na obrázku vidíte část maskota... para hokej 0
6. Zvířata najdeme opravdu na kaž... Kačení ulice 0
7. Správný muž má u sebe nůž. A s... Mikov 1
8. V názvech českých piv najdeme... zubr, ježek 0
9. Na webu Topshop.cz najdeme člá... C 1
10. Na závěr si autor kvízu takřík... lemur 1